MARC details
| 000 -LEADER |
| campo de control de longitud fija |
02941cam a2200421 i 4500 |
| 001 - NÚMERO DE CONTROL |
| campo de control |
10098651 |
| 005 - FECHA Y HORA DE LA ÚLTIMA TRANSACCIÓN |
| campo de control |
20220326193306.0 |
| 008 - DATOS DE LONGITUD FIJA--INFORMACIÓN GENERAL |
| campo de control de longitud fija |
120313s2012 enka bc 000 0 eng |
| 010 ## - NÚMERO DE CONTROL DE LA BIBLIOTECA DEL CONGRESO |
| Número de control de LC |
2012429356 |
| 016 7# - NÚMERO DE CONTROL DE UNA AGENCIA BIBLIOGRÁFICA NACIONAL |
| Número de control del registro |
016058368 |
| Fuente |
Uk |
| 020 ## - NÚMERO INTERNACIONAL ESTÁNDAR DEL LIBRO |
| Número Internacional Estándar del Libro |
9781849760140 |
| 020 ## - NÚMERO INTERNACIONAL ESTÁNDAR DEL LIBRO |
| Número Internacional Estándar del Libro |
1849760144 |
| 020 ## - NÚMERO INTERNACIONAL ESTÁNDAR DEL LIBRO |
| Número Internacional Estándar del Libro |
1849760101 |
| 020 ## - NÚMERO INTERNACIONAL ESTÁNDAR DEL LIBRO |
| Número Internacional Estándar del Libro |
9781849760102 |
| 035 ## - NÚMERO DE CONTROL DEL SISTEMA |
| Número de control de sistema |
(OCoLC)ocn775066121 |
| 035 ## - NÚMERO DE CONTROL DEL SISTEMA |
| Número de control de sistema |
(OCoLC)775066121 |
| Número de control cancelado/no válido |
(OCoLC)783736951 |
| -- |
(OCoLC)792935822 |
| 035 ## - NÚMERO DE CONTROL DEL SISTEMA |
| Número de control de sistema |
(NNC)10098651 |
| 040 ## - FUENTE DE CATALOGACIÓN |
| Centro catalogador/agencia de origen |
DLC |
| Lengua de catalogación |
eng |
| Normas de descripción |
rda |
| Centro/agencia transcriptor |
DLC |
| Centro/agencia modificador |
ERASA |
| -- |
UKMGB |
| -- |
YDXCP |
| -- |
CDX |
| -- |
BWK |
| -- |
YNK |
| -- |
CIA |
| -- |
UKTTE |
| -- |
UKWOH |
| -- |
NDD |
| -- |
BDX |
| -- |
OCLCO |
| -- |
OCLCQ |
| 042 ## - CÓDIGO DE AUTENTICACIÓN |
| Código de autenticación |
pcc |
| 082 04 - NÚMERO DE LA CLASIFICACIÓN DECIMAL DEWEY |
| Número de clasificación |
708 |
| Número de ítem |
G162d |
| 100 ## - ENTRADA PRINCIPAL--NOMBRE DE PERSONA |
| Nombre de persona |
Gallagher, Ann,(editor.) |
| 9 (RLIN) |
1768 |
| 245 00 - MENCIÓN DEL TÍTULO |
| Título |
Damien Hirst / |
| Mención de responsabilidad, etc. |
edited by Ann Gallagher ; with contributions by Ann Gallager [and six others]. Loren Hansi Momodu, curator. |
| 260 ## - PUBLICACIÓN, DISTRIBUCIÓN, ETC. |
| Lugar de publicación, distribución, etc. |
Londres, Inglaterra. |
| Nombre del editor, distribuidor, etc. |
Tate Modern Gallery |
| Fecha de publicación, distribución, etc. |
2012 |
| 300 ## - DESCRIPCIÓN FÍSICA |
| Extensión |
229 pages : |
| Otras características físicas |
chiefly color illustrations ; |
| Dimensiones |
29 cm |
| 500 ## - NOTA GENERAL |
| Nota general |
Published on the occasion of the exhibition Damien Hirst, Tate Modern, 4 April - 9 September 2012. |
| 504 ## - NOTA DE BIBLIOGRAFÍA, ETC. |
| Nota de bibliografía, etc. |
Includes bibliographical references and index. |
| 505 0# - NOTA DE CONTENIDO CON FORMATO |
| Nota de contenido con formato |
Ugly feelings / Brian Dillon -- Damien Hirst: the early years / Michael Craig-Martin -- Nicholas Serota interviews Damien Hirst -- Beautiful inside my head forever / Michael Bracewell -- In the glass menagerie: Damien Hirst with Francis Bacon / Thomas Crow -- Believer / Andrew Wilson. |
| 520 8# - RESUMEN, ETC. |
| Sumario, etc. |
Damien Hirst is one of the most controversial and highly regarded artists of his generation. His wide-ranging practice, which includes installation, painting, sculpture and drawing, challenges the boundaries between art, science and popular culture. Published to accompany Hirst's first retrospective exhibition in the UK, staged at Tate Modern during the Olympics in 2012, this book will trace Hirst's career from his emergence on the art scene in the late 1980s to his present status as one of the best-known artists working today. With an introduction by curator Ann Gallagher, a new interview by Nicholas Serota, Director of Tate, and essays by curator Andrew Wilson, author and critic Brian Dillon and art historian and critic Thomas Crow, as well as shorter texts on key moments in Hirst's career by Michael Craig-Martin and Michael Bracewell. Exhibition: Tate Modern, London, UK (4.4.-9.9.2012) / LAMOCA, Los Angeles, USA (Autumn 2012). |
| 600 10 - PUNTO DE ACCESO ADICIONAL DE MATERIA--NOMBRE DE PERSONA |
| Nombre de persona |
Hirst, Damien |
| Subdivisión de forma |
Exhibitions. |
| 9 (RLIN) |
1769 |
| 650 #7 - PUNTO DE ACCESO ADICIONAL DE MATERIA--TÉRMINO DE MATERIA |
| Término de materia o nombre geográfico como elemento de entrada |
Art and Design. |
| Fuente del encabezamiento o término |
eflch |
| 9 (RLIN) |
1770 |
| 700 1# - ENTRADA AGREGADA--NOMBRE PERSONAL |
| Nombre de persona |
Gallagher, Ann, |
| Término indicativo de función/relación |
editor. |
| 9 (RLIN) |
1771 |
| 700 12 - ENTRADA AGREGADA--NOMBRE PERSONAL |
| Nombre de persona |
Craig-Martin, Michael, |
| Fechas asociadas al nombre |
1941- |
| Título de la obra |
Damien Hirst. |
| 9 (RLIN) |
1772 |
| 710 2# - ENTRADA AGREGADA--NOMBRE DE ENTIDAD CORPORATIVA |
| Nombre de entidad corporativa o nombre de jurisdicción como elemento de entrada |
Tate Modern (Gallery), |
| Término indicativo de función/relación |
host institution. |
| 9 (RLIN) |
1658 |
| 856 42 - LOCALIZACIÓN Y ACCESO ELECTRÓNICOS |
| Materiales especificados |
Contributor biographical information |
| Identificador Uniforme de Recursos |
<a href="http://catdir.loc.gov/catdir/enhancements/fy1215/2012429356-b.html">http://catdir.loc.gov/catdir/enhancements/fy1215/2012429356-b.html</a> |
| 856 42 - LOCALIZACIÓN Y ACCESO ELECTRÓNICOS |
| Materiales especificados |
Publisher description |
| Identificador Uniforme de Recursos |
<a href="http://catdir.loc.gov/catdir/enhancements/fy1215/2012429356-d.html">http://catdir.loc.gov/catdir/enhancements/fy1215/2012429356-d.html</a> |
| 948 1# - PROCESAMIENTO DE INFORMACIÓN LOCAL (OCLC); DESIGNADOR DE PARTE DE LA SERIE (RLIN) |
| Designador de la parte de la serie, SPT (RLIN) |
20121206 |
| b (OCLC) |
c |
| c (OCLC) |
rhg9 |
| d (OCLC) |
OSMC |